000 00377 a2200157 4500
003 OSt
005 20260313151321.0
008 260313b |||||||| |||| 00| 0 eng d
040 _ccsl
100 _aTong, David
_91131642
245 _aClassical mechaincs
260 _bCambridge university press
_c2025
440 _avol.1
_91131660
490 _avol.1
942 _cTEXL
_2CC
999 _c1715377
_d1715377